| Tag |
First Indicator |
Second Indicator |
Subfields |
| LEADER |
00000cam a2200000Ia 4500 |
| 001 |
in00002264591 |
| 005 |
20151105095107.0 |
| 008 |
070308s2007 txua s000 0 eng d |
| 035 |
|
|
|a (OCoLC)ocm85812994
|
| 035 |
|
|
|a (OCoLC)85812994
|
| 040 |
|
|
|a IKM
|c IKM
|d UtOrBLW
|
| 049 |
|
|
|a TXAM
|
| 086 |
|
|
|a A850.8 Y88RIS 2007 SPAN.
|2 txdocs
|
| 130 |
0 |
|
|a Your rights in a state school or center.
|l Spanish.
|
| 245 |
1 |
0 |
|a Sus derechos en una escuela o centro estatal /
|c Publicado por el Departamento de Servicios para Adultos Mayores y Personas Discapacitadas de Texas.
|
| 264 |
|
1 |
|a [Austin, Tex.] :
|b Texas Department of Aging and Disability Services,
|c 2007.
|
| 300 |
|
|
|a 17 pages :
|b illustrations ;
|c 22 cm.
|
| 336 |
|
|
|a text
|b txt
|2 rdacontent
|
| 337 |
|
|
|a unmediated
|b n
|2 rdamedia
|
| 338 |
|
|
|a volume
|b nc
|2 rdacarrier
|
| 500 |
|
|
|a Title from cover.
|
| 500 |
|
|
|a "Publicación 108-S"--P. [4] of cover.
|
| 650 |
|
0 |
|a People with mental disabilities
|x Civil rights
|z Texas.
|
| 650 |
|
0 |
|a People with disabilities
|x Institutional care
|x Civil rights
|z Texas.
|
| 710 |
1 |
|
|a Texas.
|b Department of Aging and Disability Services.
|
| 948 |
|
|
|a cataloged
|b h
|c 2007/08/14
|e cforman
|f 10:33:02 am
|
| 994 |
|
|
|a C0
|b TXA
|
| 999 |
|
|
|a MARS
|
| 999 |
f |
f |
|s a9658210-f5ac-3192-a2e2-f5e28250ba5a
|i 55050491-7382-3c8e-a57b-27c7763ff1ce
|t 0
|
| 952 |
f |
f |
|p normal
|a Texas A&M University
|b College Station
|c Sterling C. Evans Library
|d Evans: Texas Documents (Annex 5th floor)
|t 0
|e A850.8 Y88RIS 2007 SPAN.
|h Superintendent of Documents classification
|i unmediated -- volume
|m A14829506541
|
| 998 |
f |
f |
|a A850.8 Y88RIS 2007 SPAN.
|t 0
|l Evans: Texas Documents (Annex 5th floor)
|